Normal view MARC view

Entry Personal Name

Number of records used in: 2

001 - CONTROL NUMBER

  • control field: 87333

003 - CONTROL NUMBER IDENTIFIER

  • control field: dpl

005 - DATE AND TIME OF LATEST TRANSACTION

  • control field: 20260212120221.0

008 - FIXED-LENGTH DATA ELEMENTS

  • fixed length control field: 260212|| aca||aabn | a|a d

040 ## - CATALOGING SOURCE

  • Original cataloging agency: dpl
  • Transcribing agency: dpl

100 ## - HEADING--PERSONAL NAME

  • Personal name: Bhasingala Ramadevi

670 ## - SOURCE DATA FOUND

  • Source citation: Work cat.: (dpl)214832: Bhasingala Ramadevi, Hidden Struggles of Women Health Workers/, 2024

© Delhi Public Library
Hit Counter
free hit counter